ბათუმის შოთა რუსთაველის სახელმწიფო უნივერსიტეტის ბიბლიოთეკა

Культура мандарина в Аджарии. (ბიბ.ჩანაწერი № 35561)

000 -LEADER
fixed length control field 00518nam a2200205Ia 4500
001 - CONTROL NUMBER
control field 1422
003 - CONTROL NUMBER IDENTIFIER
control field GE_BSU
008 - FIXED-LENGTH DATA ELEMENTS--GENERAL INFORMATION
fixed length control field 181216s||||||||xx |||||||||||||| ||und||
040 ## - CATALOGING SOURCE
Transcribing agency GE_BSU
080 ## - UNIVERSAL DECIMAL CLASSIFICATION NUMBER
Universal Decimal Classification number 634
100 ## - MAIN ENTRY--PERSONAL NAME
Personal name Думбадзе Н.М.
245 ## - TITLE STATEMENT
Title Культура мандарина в Аджарии.
260 ## - PUBLICATION, DISTRIBUTION, ETC.
Place of publication, distribution, etc. Батуми
260 ## - PUBLICATION, DISTRIBUTION, ETC.
Name of publisher, distributor, etc. Сабчота Аджара
260 ## - PUBLICATION, DISTRIBUTION, ETC.
Date of publication, distribution, etc. 1982
300 ## - PHYSICAL DESCRIPTION
Extent 124 с. 15 см.
653 ## - INDEX TERM--UNCONTROLLED
Uncontrolled term Культура мандарина
942 ## - ADDED ENTRY ELEMENTS (KOHA)
Koha item type წიგნი
ეგზემპლარები
Withdrawn status Lost status Damaged status Not for loan Date acquired Barcode Date last seen Price effective from Koha item type
        2018-12-17 2884 2018-12-17 2018-12-17 წიგნი
        2018-12-17 20817 2018-12-17 2018-12-17 წიგნი